MARC details
| 000 -LEADER |
| campo de control de longitud fija |
01282nam a2200337 i 4500 |
| 001 - NÚMERO DE CONTROL |
| campo de control |
132959 |
| 003 - IDENTIFICADOR DE NÚMERO DE CONTROL |
| campo de control |
ES-MaACL |
| 005 - FECHA Y HORA DE LA ÚLTIMA TRANSACCIÓN |
| campo de control |
20260119113050.0 |
| 007 - CAMPO FIJO DE DESCRIPCIÓN FÍSICA--INFORMACIÓN GENERAL |
| campo de control de longitud fija |
t| |
| 008 - DATOS DE LONGITUD FIJA--INFORMACIÓN GENERAL |
| campo de control de longitud fija |
070214s1921 sp |||| | spa d |
| 080 ## - NÚMERO DE LA CLASIFICACIÓN DECIMAL UNIVERSAL |
| Número de la Clasificación Decimal Universal |
141.332 |
| 080 ## - NÚMERO DE LA CLASIFICACIÓN DECIMAL UNIVERSAL |
| Número de la Clasificación Decimal Universal |
21/29 |
| 100 1# - ENTRADA PRINCIPAL--NOMBRE DE PERSONA |
| Nombre de persona |
Roso de Luna, Mario, |
| Fechas asociadas al nombre |
1872-1931 |
| 9 (RLIN) |
99794 |
| 245 10 - MENCIÓN DEL TÍTULO |
| Título |
Simbología arcaica : |
| Resto del título |
comentarios a "La doctrina secreta" de H.P. Blavatsky, fundadora de la Sociedad Teosófica / |
| Mención de responsabilidad, etc. |
[Mario Roso de Luna]. |
| 260 ## - PUBLICACIÓN, DISTRIBUCIÓN, ETC. |
| Lugar de publicación, distribución, etc. |
Madrid : |
| Nombre del editor, distribuidor, etc. |
Pueyo, |
| Fecha de publicación, distribución, etc. |
1921 ( |
| Fabricante |
Imp. Helénica) |
| 300 ## - DESCRIPCIÓN FÍSICA |
| Extensión |
382 p. ; |
| Dimensiones |
25 cm. |
| 490 1# - MENCIÓN DE SERIE |
| Mención de serie |
Obras completas de Mario Roso de Luna ; |
| Designación de volumen o secuencia |
22 |
| 490 1# - MENCIÓN DE SERIE |
| Mención de serie |
Biblioteca poligráfica blavatsquiana. Serie C ; |
| Designación de volumen o secuencia |
2 |
| 504 ## - NOTA DE BIBLIOGRAFÍA, ETC. |
| Nota de bibliografía, etc. |
Referencias bibliográficas. |
| 530 ## - NOTA DISPONIBLE DE FORMULARIO FÍSICO ADICIONAL |
| Nota de formato físico adicional disponible |
Disponible en formato digital. |
| 600 14 - PUNTO DE ACCESO ADICIONAL DE MATERIA--NOMBRE DE PERSONA |
| Nombre de persona |
Blavatsky, H. P., |
| Fechas asociadas al nombre |
1831-1891 |
| 9 (RLIN) |
148372 |
| 650 #7 - PUNTO DE ACCESO ADICIONAL DE MATERIA--TÉRMINO DE MATERIA |
| Término de materia o nombre geográfico como elemento de entrada |
Teosofía |
| Fuente del encabezamiento o término |
embne |
| 9 (RLIN) |
17478 |
| 650 #4 - PUNTO DE ACCESO ADICIONAL DE MATERIA--TÉRMINO DE MATERIA |
| Término de materia o nombre geográfico como elemento de entrada |
Simbolismo. |
| 9 (RLIN) |
17102 |
| 650 #7 - PUNTO DE ACCESO ADICIONAL DE MATERIA--TÉRMINO DE MATERIA |
| Término de materia o nombre geográfico como elemento de entrada |
Religiones |
| Fuente del encabezamiento o término |
embne |
| 9 (RLIN) |
16814 |
| 830 1# - PUNTO DE ACCESO ADICIONAL DE SERIE-TÍTULO UNIFORME |
| Título uniforme |
Obras completas de Mario Roso de Luna |
| Designación de volumen o secuencia |
22 |
| 9 (RLIN) |
186911 |
| 830 1# - PUNTO DE ACCESO ADICIONAL DE SERIE-TÍTULO UNIFORME |
| Título uniforme |
Biblioteca poligráfica blavatsquiana. Serie C ; |
| Designación de volumen o secuencia |
2 |
| 9 (RLIN) |
186912 |
| 852 ## - LOCALIZACIÓN |
| Ubicación |
ES-MaACL |
| Número de control de estantería |
C-4334 |
| Ubicación en estantería |
Sala Palomar |
| 856 4# - LOCALIZACIÓN Y ACCESO ELECTRÓNICOS |
| Identificador Uniforme de Recursos |
<a href="http://bdh-rd.bne.es/viewer.vm?id=0000074783&page=1 ">http://bdh-rd.bne.es/viewer.vm?id=0000074783&page=1 </a> |
| Texto de enlace |
(Biblioteca Digital Hispánica) |
| 942 ## - ELEMENTOS DE ENTRADA SECUNDARIOS (KOHA) |
| Fuente del sistema de clasificación o colocación |
Clasificación decimal universal |